Thermal analysis of welds (Record no. 566449)

000 -LEADER
fixed length control field 01049cam a22003017a 4500
001 - CONTROL NUMBER
control field 13442701
003 - CONTROL NUMBER IDENTIFIER
control field CEME
005 - DATE AND TIME OF LATEST TRANSACTION
control field 20210628201534.0
008 - FIXED-LENGTH DATA ELEMENTS--GENERAL INFORMATION
fixed length control field 031222s2004 enka b 001 0 eng d
010 ## - LIBRARY OF CONGRESS CONTROL NUMBER
LC control number 2003116912
015 ## - NATIONAL BIBLIOGRAPHY NUMBER
National bibliography number GBA3-X8890
020 ## - INTERNATIONAL STANDARD BOOK NUMBER
International Standard Book Number 1853129518
035 ## - SYSTEM CONTROL NUMBER
System control number (DLC)13442701
040 ## - CATALOGING SOURCE
Original cataloging agency UKM
Transcribing agency UKM
Modifying agency C#P
-- DLC
042 ## - AUTHENTICATION CODE
Authentication code lccopycat
050 00 - LIBRARY OF CONGRESS CALL NUMBER
Classification number TA492.W4
Item number N45 2004
082 00 - DEWEY DECIMAL CLASSIFICATION NUMBER
Classification number 671.5/20423
Edition number 22
100 1# - MAIN ENTRY--PERSONAL NAME
Personal name Nguyen, N. T.
9 (RLIN) 55722
245 10 - TITLE STATEMENT
Title Thermal analysis of welds
Statement of responsibility, etc. N.T. Nguyen.
260 ## - PUBLICATION, DISTRIBUTION, ETC.
Place of publication, distribution, etc. Southampton ;
-- Boston :
Name of publisher, distributor, etc. WIT,
Date of publication, distribution, etc. c2004.
300 ## - PHYSICAL DESCRIPTION
Extent 334 p. :
Other physical details ill. ;
Dimensions 24 cm. +
Accompanying material 1 CD-ROM (4 3/4 in.).
440 #0 - SERIES STATEMENT/ADDED ENTRY--TITLE
Title International series on developments in heat transfer,
International Standard Serial Number 1369-7331 ;
Volume/sequential designation v. 14
9 (RLIN) 55723
504 ## - BIBLIOGRAPHY, ETC. NOTE
Bibliography, etc. note Includes bibliographical references and index.
538 ## - SYSTEM DETAILS NOTE
System details note System requirements: 64 MB RAM; 100 MB disk space; Pentium 3, 500 MHz, Windows OS; Fortran source codes requires Fortan compiler.
650 #0 - SUBJECT ADDED ENTRY--TOPICAL TERM
Topical term or geographic name entry element Welded joints
General subdivision Testing.
9 (RLIN) 55724
650 #0 - SUBJECT ADDED ENTRY--TOPICAL TERM
Topical term or geographic name entry element Thermal analysis.
9 (RLIN) 841
942 ## - ADDED ENTRY ELEMENTS (KOHA)
Source of classification or shelving scheme
Koha item type Book
Holdings
Withdrawn status Lost status Source of classification or shelving scheme Damaged status Not for loan Permanent Location Current Location Shelving location Date acquired Total Checkouts Full call number Barcode Date last seen Price effective from Koha item type
          College of Electrical & Mechanical Engineering (CEME) College of Electrical & Mechanical Engineering (CEME) General Stacks 02/23/2017   671.52 NGU CEME-47095 06/28/2021 06/28/2021 Book
© 2023 Central Library, National University of Sciences and Technology. All Rights Reserved.